Guess The Country by... Vague Description 2!!! - Statistics

General Stats
  • This quiz has been taken 33 times
  • The average score is 14 of 24
Answer Stats
Hint Answer % Correct
I live in pain, but with an S. Spain
96%
The opposite of "Is fake" Israel
92%
The apparent cause of the Irish Potato Famine UK
88%
The Motherland Russia
85%
______ NÚMERO 1 CAMPEÃO PENTA ☝ 🏆🏆 ______ CAMPEÃO DO MUNDO!! Brazil
77%
"We gotta name this country something... Hmm... It's on the bottom of the continent, maybe we could call it..." South Africa
77%
The Fatherland Germany
73%
🥑🥑Avocados from ______🥑🥑 Mexico
69%
I went to a town here that was abandoned in the late eighties and now i have six toes and three eyes. Radiation, huh? Ukraine
69%
I went to this country expecting the Alps, but got Adelaide. Australia
62%
I went to this country expecting Bondi, but Bratislava was next door. Austria
62%
The abused child of the last two Poland
62%
They named this country... "East East"... Timor-Leste
62%
The desi boys know that diversity's a gift. India
54%
Philip loves a specific type of tree, so they named a country after that. Phillippines
54%
Literally the only thing people know about this country is the old temple on the flag. Cambodia
50%
hehehehehe it has booty in its name hehehehehe Djibouti
50%
You're telling me Gulls use this Port? Portugal
42%
Yar Har fiddle dee-dee, being a pirate is alright with me! Do what you want 'cuz a pirate is free, you are a pirate! Somalia
38%
In the club of Guineas, this country is still being held up by the bouncer because of a fake ID (They spelt their name wrong) Guyana
35%
The dictator of this country was apparently the last king of Scotland (not even scottish ffs) Uganda
23%
You're telling me they named a country after a type of car? Sudan
19%
The Gross Economic Output of this country is slightly less than the cost to teleport a dude with a scar on his mouth Liechtenstein
8%
Some French man wanted to send a family of cats to this country bcuz he was jealous. Mali
8%
No matching quizzes found
Score Distribution
Percent of People with Each Score
Percentile by Number Answered
Your Score History
You have not taken this quiz